<?xml version="1.0" encoding="UTF-8"?>
<marc:record xmlns:marc="http://www.loc.gov/MARC21/slim">
   <marc:leader>00000nam a2200000 a 4500</marc:leader>
   <marc:datafield ind1="1" ind2=" " tag="100">
      <marc:subfield code="a">Daviot, Tiphaine</marc:subfield>
   </marc:datafield>
   <marc:datafield ind1="1" ind2=" " tag="100">
      <marc:subfield code="a">Jollien, Alexandre</marc:subfield>
   </marc:datafield>
   <marc:datafield ind1="1" ind2=" " tag="100">
      <marc:subfield code="a">Campan, Bernard</marc:subfield>
   </marc:datafield>
   <marc:datafield ind1="1" ind2=" " tag="100">
      <marc:subfield code="a">Jollien, Alexandre</marc:subfield>
   </marc:datafield>
   <marc:datafield ind1="1" ind2=" " tag="100">
      <marc:subfield code="a">Campan, Bernard</marc:subfield>
   </marc:datafield>
   <marc:datafield ind1="0" ind2="0" tag="245">
      <marc:subfield code="a">Glück auf einer Skala vonn 1 bis 10 [Bildtonträger]</marc:subfield>
   </marc:datafield>
   <marc:datafield ind1="0" ind2="0" tag="245">
      <marc:subfield code="c">ein Film von Bernard Campan und  Alexandre Jollien. Mit Bernard Campan, Alexandre Jollien, Tiphaine Daviot,...</marc:subfield>
   </marc:datafield>
   <marc:datafield ind1=" " ind2="1" tag="264">
      <marc:subfield code="b">X Filme</marc:subfield>
      <marc:subfield code="c">2024</marc:subfield>
   </marc:datafield>
   <marc:datafield ind1="1" ind2=" " tag="520">
      <marc:subfield code="a">Louis und Igor könnten unterschiedlicher nicht sein. Während der körperlich beeinträchtigte Igor als Fahrradkurier jobbt und mit seinem Leben zufrieden ist, hat der Workaholic Louis vor lauter Arbeit seine Lebensfreude verloren. Als ein Unfall beide Männer zusammenführt, entsteht eine innige Freundschaft. In einem Leichenwagen brechen sie gemeinsam zu einem abenteuerlichen Roadtrip auf, der das Leben beider für immer verändern wird.</marc:subfield>
   </marc:datafield>
   <marc:datafield ind1=" " ind2=" " tag="020">
      <marc:subfield code="a">4042564225594</marc:subfield>
      <marc:subfield code="9">4042564225594</marc:subfield>
   </marc:datafield>
   <marc:datafield ind1=" " ind2=" " tag="500">
      <marc:subfield code="a">Orig.: Frankreich 2021. Sprache: Deutsch (Dolby Digital 5.1), Französisch (Dolby Digital 5.1). Untertitel: 	Deutsch (für Hörgeschädigte), Deutsch</marc:subfield>
   </marc:datafield>
   <marc:datafield ind1="0" ind2=" " tag="490">
      <marc:subfield code="v">0</marc:subfield>
   </marc:datafield>
   <marc:datafield ind1=" " ind2=" " tag="300">
      <marc:subfield code="a">1 DVD (89 Min.) : farbig</marc:subfield>
   </marc:datafield>
</marc:record>
